All Pokémon with Different Forms - Statistics

General Stats
  • This quiz has been taken 21 times
    15 since last reset
  • The average score is 37 of 75
Answer Stats
Form Amount Answer % Correct
6 Pikachu
90%
4 Castform
80%
4 Deoxys
80%
63 Alcremie
70%
18 Arceus
70%
2 Dialga
70%
2 Enamorus
70%
2 Giratina
70%
2 Keldeo
70%
3 Kyurem
70%
2 Landorus
70%
2 Meloetta
70%
2 Palkia
70%
18 Silvally
70%
2 Thundurus
70%
2 Tornadus
70%
28 Unown
70%
20 Vivillon
70%
5 Zygarde
70%
3 Calyrex
60%
5 Genesect
60%
2 Hoopa
60%
2 Meowstic
60%
2 Shaymin
60%
2 Xerneas
60%
3 Basculin
50%
4 Deerling
50%
2 Eternatus
50%
5 Flabébé
50%
5 Floette
50%
5 Florges
50%
10 Furfrou
50%
2 Gastrodon
50%
2 Greninja
50%
8 Minior
50%
2 Morpeko
50%
4 Necrozma
50%
4 Oricorio
50%
2 Reshiram
50%
13 Rotom
50%
4 Sawsbuck
50%
2 Shellos
50%
4,294,967,296 Spinda
50%
3 Terapagos
50%
2 Ursaluna
50%
2 Urshifu
50%
2 Zacian
50%
2 Zamazenta
50%
2 Zekrom
50%
2 Aegislash
40%
2 Basculegion
40%
2 Cherrim
40%
4 Ogerpon
40%
2 Pyroar
40%
3 Tatsugiri
40%
3 Burmy
30%
2 Gimmighoul
30%
2 Glastrier
30%
2 Indeedee
30%
2 Jellicent
30%
2 Oinkologne
30%
2 Spectrier
30%
4 Squawkabilly
30%
2 Toxtricity
30%
3 Wormadam
30%
2 Darmanitan
20%
2 Frillish
20%
2 Galarian Darmanitan
20%
2 Hippopotas
20%
2 Hippowdon
20%
3 Lycanroc
20%
2 Marshadow
20%
2 Palafin
20%
2 Unfezant
20%
2 Wishiwashi
20%
No matching quizzes found
Score Distribution
Percent of People with Each Score
Percentile by Number Answered
Your Score History
You have not taken this quiz since the last reset